Risk perception, culture, and legal change (Record no. 131429)
[ view plain ]
| 000 -LEADER | |
|---|---|
| fixed length control field | 01510nam a2200361Ia 4500 |
| 001 - CONTROL NUMBER | |
| control field | vtls003209743 |
| 003 - CONTROL NUMBER IDENTIFIER | |
| control field | MY-SjTCS |
| 005 - DATE AND TIME OF LATEST TRANSACTION | |
| control field | 20200508125125.0 |
| 006 - FIXED-LENGTH DATA ELEMENTS--ADDITIONAL MATERIAL CHARACTERISTICS | |
| fixed length control field | m u |
| 007 - PHYSICAL DESCRIPTION FIXED FIELD--GENERAL INFORMATION | |
| fixed length control field | cr cn||||||||| |
| 008 - FIXED-LENGTH DATA ELEMENTS--GENERAL INFORMATION | |
| fixed length control field | 100906s2009 vtu sb 001 0 eng d |
| 010 ## - LIBRARY OF CONGRESS CONTROL NUMBER | |
| Canceled/invalid LC control number | 2009-030154 |
| 020 ## - INTERNATIONAL STANDARD BOOK NUMBER | |
| Canceled/invalid ISBN | 9780754678113 (hardback : alk. paper) |
| 020 ## - INTERNATIONAL STANDARD BOOK NUMBER | |
| Canceled/invalid ISBN | 9780754696049 (e-book) |
| 035 ## - SYSTEM CONTROL NUMBER | |
| System control number | (CaPaEBR)ebr10350131 |
| 039 #9 - LEVEL OF BIBLIOGRAPHIC CONTROL AND CODING DETAIL [OBSOLETE] | |
| -- | 201009061624 |
| -- | VLOAD |
| 040 ## - CATALOGING SOURCE | |
| Original cataloging agency | CaPaEBR |
| Transcribing agency | CaPaEBR |
| 050 14 - LIBRARY OF CONGRESS CALL NUMBER | |
| Classification number | K3626 |
| Item number | .F47 2009eb |
| 082 04 - DEWEY DECIMAL CLASSIFICATION NUMBER | |
| Classification number | 344.04/232 |
| Edition number | 22 |
| 100 1# - MAIN ENTRY--PERSONAL NAME | |
| Personal name | Ferrari, Matteo. |
| 245 10 - TITLE STATEMENT | |
| Title | Risk perception, culture, and legal change |
| Medium | [electronic resource] : |
| Remainder of title | a comparative study on food safety in the wake of the mad cow crisis / |
| Statement of responsibility, etc. | by Matteo Ferrari. |
| 260 ## - PUBLICATION, DISTRIBUTION, ETC. | |
| Place of publication, distribution, etc. | Burlington, VT : |
| Name of publisher, distributor, etc. | Ashgate, |
| Date of publication, distribution, etc. | c2009. |
| 300 ## - PHYSICAL DESCRIPTION | |
| Extent | xii, 204 p. |
| 504 ## - BIBLIOGRAPHY, ETC. NOTE | |
| Bibliography, etc. note | Includes bibliographical references and index. |
| 529 ## - | |
| -- | TSLHHL |
| 533 ## - REPRODUCTION NOTE | |
| Type of reproduction | Electronic reproduction. |
| Place of reproduction | Palo Alto, Calif. : |
| Agency responsible for reproduction | ebrary, |
| Date of reproduction | 2010. |
| Note about reproduction | Available via World Wide Web. |
| -- | Access may be limited to ebrary affiliated libraries. |
| 650 #0 - SUBJECT ADDED ENTRY--TOPICAL TERM | |
| Topical term or geographic name entry element | Food law and legislation. |
| 650 #0 - SUBJECT ADDED ENTRY--TOPICAL TERM | |
| Topical term or geographic name entry element | Food |
| General subdivision | Safety measures |
| -- | Public opinion. |
| 650 #0 - SUBJECT ADDED ENTRY--TOPICAL TERM | |
| Topical term or geographic name entry element | Bovine spongiform encephalopathy |
| General subdivision | Law and legislation. |
| 655 #7 - INDEX TERM--GENRE/FORM | |
| Genre/form data or focus term | Electronic books. |
| Source of term | local |
| 710 2# - ADDED ENTRY--CORPORATE NAME | |
| Corporate name or jurisdiction name as entry element | ebrary, Inc. |
| 9 (RLIN) | 25628 |
| 856 40 - ELECTRONIC LOCATION AND ACCESS | |
| Uniform Resource Identifier | https://ezproxy.taylors.edu.my/login?url=http://site.ebrary.com/lib/taylorscollege/Doc?id=10350131 |
| Public note | An electronic book accessible through the World Wide Web; click to view |
| Withdrawn status | Lost status | Source of classification or shelving scheme | Damaged status | Not for loan | Home library | Current library | Date acquired | Cost, normal purchase price | Total Checkouts | Date last seen | Price effective from | Koha item type | Public note |
|---|---|---|---|---|---|---|---|---|---|---|---|---|---|
| Dewey Decimal Classification | e-book | Taylor's Library-TU | Taylor's Library - Perpetual(TU) | 21/02/2020 | 479.78 | 21/02/2020 | 21/02/2020 | Main Collection | SHTEx,70002,02,CL,PPT |